|
|
|
|
| LEADER |
00000cam a22000004a 4500 |
| 001 |
musev2_668 |
| 003 |
MdBmJHUP |
| 005 |
20230905040121.0 |
| 006 |
m o d |
| 007 |
cr||||||||nn|n |
| 008 |
100216s2010 kyu o 00 0 eng d |
| 010 |
|
|
|z 2010006312
|
| 020 |
|
|
|a 9780813173825
|
| 020 |
|
|
|z 9780813125886
|
| 020 |
|
|
|z 9780813139685
|
| 035 |
|
|
|a (OCoLC)666433963
|
| 040 |
|
|
|a MdBmJHUP
|c MdBmJHUP
|
| 043 |
|
|
|a n-us---
|
| 050 |
0 |
4 |
|a JK1021
|b .J63 2010
|
| 082 |
0 |
|
|a 328.73
|2 22
|
| 100 |
1 |
|
|a Jones Evans, Jocelyn.
|
| 245 |
1 |
0 |
|a One Nation Under Siege :
|b Congress, Terrorism, and the Fate of American Democracy /
|c Jocelyn Jones Evans.
|
| 264 |
|
1 |
|a Lexington, KY :
|b University Press of Kentucky,
|c 2010.
|
| 264 |
|
3 |
|a Baltimore, Md. :
|b Project MUSE,
|c 2012
|
| 264 |
|
4 |
|c ©2010.
|
| 300 |
|
|
|a 1 online resource (272 pages):
|b ill. ;
|
| 336 |
|
|
|a text
|b txt
|2 rdacontent
|
| 337 |
|
|
|a computer
|b c
|2 rdamedia
|
| 338 |
|
|
|a online resource
|b cr
|2 rdacarrier
|
| 504 |
|
|
|a Includes bibliographical references (p. [223]-239) and index.
|
| 505 |
0 |
|
|a Congress as an adaptive institution -- Reconciling security and liberty : attacks on the Capitol and corresponding changes in security -- Enunciators and blackberrys : Congressional office administration post 9/11 -- Is writing a letter to your member of Congress a thing of the past? Congressional office communication and accessibility -- Terror wars and turf wars : the homeland security committees -- Gateway to American history or fort Capitol? construction of the Capitol Visitor Center -- The social meaning of Congressional change : expressive, behavioral, and symbolic elements of institutional reform.
|
| 588 |
|
|
|a Description based on print version record.
|
| 610 |
2 |
0 |
|a United States Capitol Visitor Center (Washington, D.C.)
|
| 610 |
2 |
0 |
|a United States Capitol (Washington, D.C.)
|x Security measures.
|
| 610 |
1 |
0 |
|a United States.
|b Congress
|x Constituent communication.
|
| 610 |
1 |
0 |
|a United States.
|b Congress
|x Security measures.
|
| 610 |
1 |
0 |
|a United States.
|b Congress.
|
| 650 |
|
0 |
|a National security
|z United States.
|
| 650 |
|
0 |
|a Civil rights
|z United States.
|
| 655 |
|
7 |
|a Electronic books.
|2 local
|
| 710 |
2 |
|
|a Project Muse.
|e distributor
|
| 830 |
|
0 |
|a Book collections on Project MUSE.
|
| 856 |
4 |
0 |
|z Texto completo
|u https://projectmuse.uam.elogim.com/book/668/
|
| 945 |
|
|
|a Project MUSE - Custom Collection
|
| 945 |
|
|
|a Project MUSE - 2010 Political Science and Policy Studies
|
| 945 |
|
|
|a Project MUSE - Archive American Studies Foundation
|
| 945 |
|
|
|a Project MUSE - 2010 Complete
|